LEADER 01069nam 2200349 450 001 990000930780203316 035 $a0093078 035 $aUSA010093078 035 $a(ALEPH)000093078USA01 035 $a0093078 100 $a20020131d1994----km-y0itay0103----ba 101 $afra 102 $aFR 105 $a||||||||001yy 200 1 $a<> ONU et le règlement des crises$fdossier constituè par Jean-Marc Sorel 210 $aParis$cLa documentation française$d1994 215 $a63 p.$d24 cm 225 2 $aProblèmes politiques et sociaux$v725 410 $12001$aProblèmes politiques et sociaux$v725 676 $a341.52 702 1$aSOREL,$bJean-Marc 801 0$aIT$bsalbc$gISBD 912 $a990000930780203316 951 $aIG FR VIII 8 338$b10445 G$cIG FR VIII 959 $aBK 969 $aGIU 979 $aPATTY$b90$c20020131$lUSA01$h1046 979 $aPATTY$b90$c20020131$lUSA01$h1047 979 $c20020403$lUSA01$h1736 979 $aPATRY$b90$c20040406$lUSA01$h1704 996 $aONU et le règlement des crises$9972043 997 $aUNISA LEADER 01151nam0 2200373 450 001 990000995260203316 010 $a88-15-03321-1 035 $a0099526 035 $aUSA010099526 035 $a(ALEPH)000099526USA01 035 $a0099526 100 $a20020226d1991----km-y0ITAy01------ba 101 $aita 102 $aIT 105 $a||||||||001yy 200 1 $aDalla Rerum Novarum alla democrazia cristiana di Murri$fSergio Zoppi 210 $aBologna$cIl Mulino$d1991 215 $a325 p$d22 cm 225 2 $aCollana di storia contemporanea 410 $12001$aCollana di storia contemporanea 606 0 $aMurri, Romolo$xPensiero politico 606 0 $aCattolici taliani$xAttività politica$zSec. 19.-20. 676 $a261.7 700 1$aZOPPI,$bSergio$0433548 801 0$aIT$bsalbc$gISBD 912 $a990000995260203316 951 $aCOLL. HNH 4$b72316 EC$cCOLL. HNH 959 $aBK 969 $aECO 979 $aPATTY$b90$c20020226$lUSA01$h1313 979 $c20020403$lUSA01$h1741 979 $aPATRY$b90$c20040406$lUSA01$h1709 996 $aDalla Rerum Novarum alla democrazia cristiana di Murri$9975015 997 $aUNISA